Statistiques concernant Cyclisme : Podiums Grand Wevelgem depuis 2011 !!!

Cliquez ici pour prendre le quiz!

Statistiques générales

  • Ce quiz a été pris 34 fois
  • Le résultat moyen est 28 sur 39

Statistiques - réponses

AnneésPlacePaysPrénomsNoms% Correct
20231er🇨🇵ChristopheLaporte
100%
20222eme🇨🇵ChristopheLaporte
100%
20211er🇧🇪WoutVan Aert
100%
20232eme🇧🇪WoutVan Aert
100%
20201er🇩🇰MadsPedersen
97%
20142eme🇨🇵ArnaudDemare
94%
20183eme🇨🇵ArnaudDemare
94%
20181er🇸🇰PeterSagan
94%
20131er🇸🇰PeterSagan
94%
20143eme🇸🇰PeterSagan
94%
20122eme🇸🇰PeterSagan
94%
20161er🇸🇰PeterSagan
94%
20173eme🇸🇰PeterSagan
94%
20153eme🇬🇧GeraintThomas
87%
20182eme🇮🇹EliaViviani
87%
20202eme🇨🇵FlorianSénéchal
84%
20171er🇧🇪GregVan Avermaet
84%
20133eme🇧🇪GregVan Avermaet
84%
20221er🇪🇷BiniamGirmay
77%
20212eme🇮🇹GiacomoNizzolo
77%
20203eme🇮🇹MatteoTrentin
77%
20213eme🇮🇹MatteoTrentin
77%
20191er🇧🇻AlexanderKristoff
74%
20141er🇩🇪JohnDegenkolb
71%
20192eme🇩🇪JohnDegenkolb
71%
20152eme🇳🇱NikiTerpstra
71%
20193eme🇧🇪OliverNaesen
68%
20121er🇧🇪TomBoonen
65%
20111er🇧🇪TomBoonen
65%
20162eme🇧🇪SepVanmarcke
61%
20233eme🇧🇪SepVanmarcke
61%
20123eme🇩🇰MattiBreschel
45%
20113eme🇺🇲TylerFarrar
45%
20223eme🇧🇪DriesVan Gestel
35%
20112eme🇮🇹DanieleBennati
32%
20132eme🇸🇮BorutBozic
32%
20151er🇮🇹LucaPaolini
19%
20172eme🇧🇪JensKeukeleire
16%
20163eme🇷🇺ViatcheslavKouznetsov
13%

Distribution des résultats

Percentile par nombre de réponses

% des personnes avec chaque résultat

Votre développement - résultats

Vous n’avez pas pris ce quiz